01803nam a2200373 a 450000100090000000300090000900500170001800700090003500800410004402000160008504000220010109200330012310000270015624501540018324600610033726000400039830000270043849000110046550503990047665000370087565000380091265000340095065000380098465000490102270000390107170000270111083000110113791000370114894200120118594500390119795201380123695600400137499900150141400003817DO-SdBNP20180312094239.000003817091117s2001 dr abc 000 0 spa d a8482614207  aBPMSUbspacBPMSU a372.84bR696r 7mo. 20011 aRodríguez, Federico 10aReligión 7 : b[educación básica] /cFederico Rodríguez ; dirección editorial Obdulia García de Escobar ; ilustración Ruddy Núñez.13aReligión : bformación integral, humana y religiosa  aSanto Domingo :bSantillana,c2001. a95 p. :bil. ;c28 cm.1 aUmbral t¿Qué es la Biblia? --t¿Quién fue Abraham? --t¿Qué narra el libro de Éxodo? -- t¿Cómo v ivieron los israelistas en la tierra? --t¿Cuál era el mensaje de los profetas? --t¿Quién es el salvador de la humanidad? --t¿Qué hizo Jesús para salvarnos? --t¿Cuáles eran las enseñanzas de Jesús? -- t¿Por qué murió Jesús? --t¿Qué celebramos en la pascua?. aRELIGIÓNxENSEÑANZA BÁSICA 4aRELIGIÓNxESTUDIOS Y EJERCICIOS 4aRELIGIÓN xLIBROS DE TEXTOS 4aRELIGIÓN xEDUCACIÓN PRIMARIA 4aEDUCACIÓN PRIMARIAzREPÚBLICA DOMINICANA1 aGarcía de Escobar, Obdulia,eed.1 aNúñez, Ruddy,eil. 0aUmbral aValidado. Control de calidad MFF 2ddccBK aRemanejado para la BNPHU / 2018 VM 00102ddc40708CEaBPMETbBPMETd2016-04-05eDonaciónl0o372.84 R696r 7mo. 2001pBPMSU16040095r2016-04-05w2016-04-05yBK aLOPEREZb10c20160428lBPMSUh00041 c9527d9527